[Event "Cto. Madrid 2016/2017 - Semifinal"]
[Site "Madrid ESP"]
[Date "2017.03.31"]
[Round "5.13"]
[White "Ortega Morales, Pedro"]
[Black "Casares Ripoll, Fernando"]
[Result "1/2-1/2"]
[WhiteElo "1786"]
[BlackElo "2106"]
[PlyCount "59"]
[EventDate "2017.03.27"]
[EventType "swiss"]
[EventRounds "9"]
[EventCountry "ESP"]
[SourceTitle "AeM"]
[Source "lmi"]
[SourceDate "2017.03.27"]

1. d4 c5 2. d5 e5 3. dxe6 fxe6 4. e4 Nc6 5. Nf3 Be7 6. Nc3 Nf6 7. Be2 O-O 8.
O-O d5 9. exd5 exd5 10. Bg5 Be6 11. Qe1 Ne4 12. Bxe7 Qxe7 13. a3 Nxc3 14. Qxc3
d4 15. Qd2 Bd5 16. Rfe1 Qf7 17. Rf1 Rae8 18. b3 Qg6 19. Bd3 Qh5 20. Bc4 Bxc4
21. bxc4 Rxf3 22. gxf3 Ne5 23. Qf4 Rf8 24. Qg3 Rxf3 25. Qg2 Rf6 26. Qd5+ Kf8
27. Qxc5+ Kf7 28. Qd5+ Kf8 29. Qc5+ Kf7 30. Qd5+ 1/2-1/2

[Event "Cto. Madrid 2016/2017 - Semifinal"]
[Site "Madrid ESP"]
[Date "2017.03.31"]
[Round "5.14"]
[White "Vukotic Jovsic, Dragan"]
[Black "Lopez De Turiso, Jose Angel"]
[Result "0-1"]
[WhiteElo "1950"]
[BlackElo "2031"]
[PlyCount "170"]
[EventDate "2017.03.27"]
[EventType "swiss"]
[EventRounds "9"]
[EventCountry "ESP"]
[SourceTitle "AeM"]
[Source "lmi"]
[SourceDate "2017.03.27"]

1. d4 Nf6 2. Bf4 c5 3. e3 Qb6 4. Nc3 cxd4 5. Qxd4 Qxd4 6. exd4 g6 7. O-O-O d6
8. Bb5+ Bd7 9. Nf3 Bxb5 10. Nxb5 Nd5 11. Rhe1 Nxf4 12. Nxd6+ Kd7 13. Nxf7 Rg8
14. N3e5+ Kc7 15. g3 Nd5 16. c4 Nf6 17. f4 Nbd7 18. Ng5 Re8 19. Ne6+ Kc8 20.
Nf7 Bg7 21. h3 Nf8 22. Neg5 h6 23. Ne4 N8h7 24. Nc5 Nd7 25. Ne6 Kb8 26. Nxg7
Rxg7 27. Nxh6 Nhf6 28. Ng4 Nxg4 29. hxg4 Rh8 30. g5 Kc7 31. Kc2 Kd8 32. Rd3
Rh2+ 33. Rd2 Rgh7 34. Ree2 Rxe2 35. Rxe2 Rh3 36. Re3 Nf8 37. d5 b6 38. b4 Rh2+
39. Kb3 Kd7 40. a3 e6 41. Rd3 exd5 42. cxd5 Kd6 43. Kc4 a6 44. Kd4 Rc2 45. Ke4
Rc4+ 46. Kf3 b5 47. g4 Nd7 48. Kg3 Re4 49. Kf3 Re8 50. Kg3 Nb6 51. f5 Nxd5 52.
Kf3 Ke5 53. f6 Rc8 54. Kf2 Ke6 55. Rh3 Rc2+ 56. Kg1 Rc4 57. Rh4 Kf7 58. Rh7+
Kf8 59. Rh8+ Kf7 60. Rh7+ Ke6 61. Ra7 Rxg4+ 62. Kf2 Rxg5 63. Rxa6+ Kf7 64. a4
Nxf6 65. Ra5 Rf5+ 66. Ke2 bxa4 67. Rxa4 Rb5 68. Kd3 Nd5 69. Ra7+ Ke6 70. Ra6+
Rb6 71. Ra8 Rxb4 72. Re8+ Kf5 73. Rf8+ Nf6 74. Ke3 Re4+ 75. Kf3 Ra4 76. Rb8
Ra3+ 77. Kg2 Ne4 78. Rb5+ Kf4 79. Rb2 Rd3 80. Rb8 Rd2+ 81. Kg1 g5 82. Rb3 g4
83. Ra3 Rc2 84. Rb3 Nd2 85. Ra3 Nf3+ 0-1

[Event "Cto. Madrid 2016/2017 - Semifinal"]
[Site "Madrid ESP"]
[Date "2017.03.31"]
[Round "5.15"]
[White "Arbunic Castro, Giovanna B"]
[Black "Lopez Heras, Arturo"]
[Result "1/2-1/2"]
[WhiteElo "2005"]
[BlackElo "1905"]
[PlyCount "96"]
[EventDate "2017.03.27"]
[EventType "swiss"]
[EventRounds "9"]
[EventCountry "ESP"]
[SourceTitle "AeM"]
[Source "lmi"]
[SourceDate "2017.03.27"]

1. e4 c5 2. Nf3 d6 3. d4 cxd4 4. Nxd4 Nf6 5. Nc3 a6 6. Be2 e6 7. g4 Nc6 8. g5
Nd7 9. Be3 Qc7 10. Qd2 b5 11. O-O-O Bb7 12. a3 Rc8 13. f4 Nb6 14. Rhf1 Be7 15.
f5 e5 16. Ndxb5 axb5 17. Nxb5 Qd8 18. f6 gxf6 19. gxf6 Bf8 20. Bh6 Nd4 21. Nxd4
exd4 22. Bxf8 Rxf8 23. Qxd4 Qc7 24. Bb5+ Bc6 25. Ba6 Ra8 26. Be2 Ba4 27. Rd2
Rc8 28. c3 Nc4 29. Bxc4 Qxc4 30. Qxc4 Rxc4 31. Rxd6 Rxe4 32. Ra6 Kd7 33. Rg1
Rfe8 34. Ra7+ Ke6 35. Rb7 Kxf6 36. b3 Bc6 37. Rb6 R8e6 38. b4 Re2 39. b5 Be4
40. Rxe6+ Kxe6 41. Rg3 Rxh2 42. Kd1 h5 43. c4 h4 44. Re3 f5 45. c5 Kd5 46. c6
Kd6 47. Rc3 Bc2+ 48. Ke1 Be4 1/2-1/2

[Event "Cto. Madrid 2016/2017 - Semifinal"]
[Site "Madrid ESP"]
[Date "2017.03.31"]
[Round "5.16"]
[White "Vazquez Gonzalez, Jesus"]
[Black "Ingunza Curro, Andres"]
[Result "1-0"]
[WhiteElo "1912"]
[BlackElo "1743"]
[PlyCount "123"]
[EventDate "2017.03.27"]
[EventType "swiss"]
[EventRounds "9"]
[EventCountry "ESP"]
[SourceTitle "AeM"]
[Source "lmi"]
[SourceDate "2017.03.27"]

1. e4 c5 2. Nc3 d6 3. a3 Nc6 4. Bc4 g6 5. d3 Bg7 6. h3 e5 7. Nf3 Nge7 8. Bg5
O-O 9. Qd2 Be6 10. Nd5 Bxd5 11. Bxd5 Qd7 12. Ba2 a6 13. h4 h5 14. Rh3 d5 15.
O-O-O b5 16. Rg3 dxe4 17. dxe4 Qxd2+ 18. Nxd2 c4 19. b3 cxb3 20. Bxb3 Kh7 21.
Rd3 Rfd8 22. Rf3 f6 23. Bxf6 Nd4 24. Bxe7 Rd7 25. Bg5 Nxf3 26. Nxf3 Rxd1+ 27.
Kxd1 Rc8 28. Ne1 Bf8 29. a4 bxa4 30. Bxa4 Rc4 31. Be8 Rxe4 32. Nd3 Bd6 33. f3
Rc4 34. Bf7 Ra4 35. Bd5 Ra5 36. Be4 Ra1+ 37. Ke2 Ra2 38. Kd2 Ra5 39. Bf6 Rb5
40. g4 hxg4 41. fxg4 Kh6 42. Ke3 Bc5+ 43. Kf3 Bd4 44. Kg3 a5 45. g5+ Kh7 46. h5
a4 47. Bxg6+ Kg8 48. h6 Rb7 49. Be4 Rh7 50. Bxh7+ Kxh7 51. Nb4 a3 52. Kg4 Bc5
53. Na2 Bd6 54. Kf5 Bf8 55. Bxe5 Bxh6 56. gxh6 Kxh6 57. c4 Kh7 58. c5 Kg8 59.
c6 Kh7 60. c7 Kg8 61. c8=Q+ Kf7 62. Qd7+ 1-0

[Event "Cto. Madrid 2016/2017 - Semifinal"]
[Site "Madrid ESP"]
[Date "2017.03.31"]
[Round "5.17"]
[White "Martinez Fernandez, Raul"]
[Black "Molina Garcia, Francisco Javier"]
[Result "1-0"]
[WhiteElo "2059"]
[BlackElo "1922"]
[PlyCount "83"]
[EventDate "2017.03.27"]
[EventType "swiss"]
[EventRounds "9"]
[EventCountry "ESP"]
[SourceTitle "AeM"]
[Source "lmi"]
[SourceDate "2017.03.27"]

1. e4 c5 2. Nf3 d6 3. Bb5+ Bd7 4. Bxd7+ Qxd7 5. O-O Nc6 6. c3 Nf6 7. d4 cxd4 8.
cxd4 Nxe4 9. d5 Nd8 10. Re1 Nf6 11. Nc3 e6 12. Qb3 Be7 13. Bg5 O-O 14. Rac1 Rc8
15. Rcd1 Re8 16. dxe6 fxe6 17. Ne5 Qc7 18. Nb5 Qb8 19. Bxf6 gxf6 20. Qg3+ Kh8
21. Nd7 Qa8 22. Nxd6 Rg8 23. Qh4 b6 24. g3 Rc2 25. Nxf6 Rg7 26. Qd4 Qf3 27.
Nfe4 Bxd6 28. Qxd6 Nf7 29. Qxe6 Rxb2 30. Rc1 Rg4 31. Rc3 Rxe4 32. Qc8+ Kg7 33.
Rxf3 Rxe1+ 34. Kg2 Rbe2 35. Qf5 Re7 36. Qf6+ Kg8 37. Rc3 R1e4 38. Rc8+ Re8 39.
Rc7 Rf8 40. Rxa7 Rb4 41. Qc3 Rg4 42. Rxf7 1-0

[Event "Cto. Madrid 2016/2017 - Semifinal"]
[Site "Madrid ESP"]
[Date "2017.03.31"]
[Round "5.18"]
[White "Kejo, Janne"]
[Black "Pashov, Spas Nikolov"]
[Result "0-1"]
[WhiteElo "2026"]
[BlackElo "1867"]
[PlyCount "138"]
[EventDate "2017.03.27"]
[EventType "swiss"]
[EventRounds "9"]
[EventCountry "ESP"]
[SourceTitle "AeM"]
[Source "lmi"]
[SourceDate "2017.03.27"]

1. e4 e5 2. Nf3 Nc6 3. Bb5 f5 4. d3 fxe4 5. dxe4 Nf6 6. O-O d6 7. Nfd2 Be6 8.
f3 Be7 9. Nc3 O-O 10. Bc4 Qd7 11. Bxe6+ Qxe6 12. Ne2 Nh5 13. Nb3 Qg6 14. c3 Bg5
15. Bxg5 Qxg5 16. Qd2 Qh4 17. Qe1 Qg5 18. Qc1 Qg6 19. Nd2 Rf7 20. b4 Nf4 21.
Nxf4 exf4 22. a4 a5 23. Qb1 b6 24. Qb3 Qf6 25. Qd5 Qxc3 26. Nb3 Ra7 27. Rac1
Qe3+ 28. Kh1 Nxb4 29. Qe6 Nd3 30. Rc2 g6 31. h4 Kg7 32. Qd5 Nb4 33. Qd4+ Qxd4
34. Nxd4 Nxc2 35. Nxc2 Rd7 36. Rd1 Kf6 37. Na3 Rb7 38. Nc4 Ke6 39. g3 Rf7 40.
Kg2 h6 41. gxf4 Rxf4 42. Kg3 g5 43. hxg5 hxg5 44. Rd5 Kf6 45. Ne3 Rh4 46. Ng4+
Kg6 47. f4 Rh5 48. f5+ Kf7 49. e5 dxe5 50. Nxe5+ Ke7 51. Kg4 Rh1 52. Kxg5 Rg1+
53. Ng4 c6 54. Re5+ Kf7 55. Re6 b5 56. Rf6+ Ke7 57. Rh6 Rc7 58. Re6+ Kf7 59.
Rf6+ Kg8 60. Kf4 Rxg4+ 61. Kxg4 b4 62. Kf4 c5 63. Ke3 c4 64. Kd2 c3+ 65. Kc1
Rc5 66. Rg6+ Kf7 67. Rg1 Kf6 68. Kc2 Rxf5 69. Rg2 Rd5 0-1

[Event "Cto. Madrid 2016/2017 - Semifinal"]
[Site "Madrid ESP"]
[Date "2017.03.31"]
[Round "5.19"]
[White "Barragan Arriaza, Pablo"]
[Black "Ocana Lameiro, Oliver"]
[Result "0-1"]
[WhiteElo "1872"]
[BlackElo "1966"]
[PlyCount "68"]
[EventDate "2017.03.27"]
[EventType "swiss"]
[EventRounds "9"]
[EventCountry "ESP"]
[SourceTitle "AeM"]
[Source "lmi"]
[SourceDate "2017.03.27"]

1. c4 c5 2. g3 Nf6 3. Bg2 Nc6 4. Nc3 g6 5. d3 Bg7 6. e4 d6 7. Nge2 O-O 8. O-O
Bd7 9. h3 Rb8 10. f4 a6 11. a4 Ne8 12. g4 Nc7 13. a5 Ne6 14. Nd5 Nxa5 15. Nxe7+
Qxe7 16. Rxa5 Nd4 17. f5 gxf5 18. gxf5 Nxe2+ 19. Qxe2 Be5 20. Bf4 Kh8 21. Bxe5+
Qxe5 22. Qf2 Rg8 23. Qf4 Qxb2 24. Qf3 Rxg2+ 25. Qxg2 Rg8 26. Qxg8+ Kxg8 27. Rf3
f6 28. Rf2 Qb1+ 29. Kh2 Qxd3 30. Ra1 Qxe4 31. Rg1+ Kf7 32. Rfg2 Qf4+ 33. Rg3
Bc6 34. h4 Qxh4+ 0-1

[Event "Cto. Madrid 2016/2017 - Semifinal"]
[Site "Madrid ESP"]
[Date "2017.03.31"]
[Round "5.20"]
[White "Rosa Ramirez, Victor Diego"]
[Black "Jimenez Gonzalez, Marcos"]
[Result "1-0"]
[WhiteElo "1945"]
[BlackElo "1829"]
[PlyCount "79"]
[EventDate "2017.03.27"]
[EventType "swiss"]
[EventRounds "9"]
[EventCountry "ESP"]
[SourceTitle "AeM"]
[Source "lmi"]
[SourceDate "2017.03.27"]

1. e4 e6 2. d4 d5 3. e5 c5 4. c3 Qb6 5. Nf3 Nc6 6. a3 cxd4 7. cxd4 Nh6 8. b4
Nf5 9. Be3 Bd7 10. Bd3 Rc8 11. O-O Be7 12. Nbd2 h6 13. Rc1 O-O 14. Nb3 f6 15.
Nc5 Bxc5 16. dxc5 Qd8 17. Bxf5 exf5 18. Qxd5+ Kh8 19. e6 Be8 20. Qxf5 Ne7 21.
Qh3 Qd3 22. Bf4 Bc6 23. Bd6 Rfe8 24. Ng5 Qg6 25. Nf7+ Kg8 26. Qg3 Qh5 27. Bxe7
Rxe7 28. Nd6 Rf8 29. Rfe1 f5 30. Re5 Rf6 31. f3 Rexe6 32. Rxe6 Rxe6 33. Qf4 Qg6
34. Qxf5 Rxd6 35. Qc8+ Kh7 36. cxd6 Bxf3 37. Qc2 Be4 38. Qd2 Bd3 39. Rd1 Bc2
40. d7 1-0

[Event "Cto. Madrid 2016/2017 - Semifinal"]
[Site "Madrid ESP"]
[Date "2017.03.31"]
[Round "5.21"]
[White "Anton Quevedo, Andrea"]
[Black "Spitzer Isbert, Ramon"]
[Result "0-1"]
[WhiteElo "1849"]
[BlackElo "2023"]
[PlyCount "124"]
[EventDate "2017.03.27"]
[EventType "swiss"]
[EventRounds "9"]
[EventCountry "ESP"]
[SourceTitle "AeM"]
[Source "lmi"]
[SourceDate "2017.03.27"]

1. c4 g6 2. Nc3 Bg7 3. g3 d6 4. Bg2 Nc6 5. Nf3 e5 6. d3 Nge7 7. O-O O-O 8. e3
Bd7 9. Rb1 Qc8 10. Re1 Bh3 11. Bh1 Bg4 12. b4 Qd7 13. b5 Nd8 14. Qc2 Ne6 15.
Ba3 f5 16. Nd2 Rab8 17. Bg2 Ng5 18. f3 Bh3 19. f4 Bxg2 20. Kxg2 Ne6 21. Nd5
exf4 22. Nxe7+ Qxe7 23. exf4 Qd7 24. Nf3 Rfe8 25. Bb2 Nc5 26. Bxg7 Qxg7 27. Re2
Kf8 28. Rbe1 Rxe2+ 29. Qxe2 h6 30. Qe3 Kg8 31. h3 Rf8 32. Nd4 Qf6 33. Nf3 Qc3
34. d4 Qxe3 35. Rxe3 Ne4 36. Nh4 Kf7 37. g4 Kf6 38. Ra3 Ra8 39. Nf3 a5 40. bxa6
Rxa6 41. Rxa6 bxa6 42. d5 Nc3 43. Nd4 Nxa2 44. Ne6 a5 45. Nxc7 Ke7 46. Nb5 Nb4
47. gxf5 gxf5 48. Na3 Nd3 49. Kf3 Nc5 50. Ke3 Ne4 51. Nb5 a4 52. h4 Kf6 53. Kd3
Kg6 54. Nd4 Ng3 55. Nb5 Ne4 56. Kc2 Kh5 57. Nxd6 Nxd6 58. c5 Ne4 59. c6 Kg4 60.
Kb2 Kxf4 61. Ka3 Ke5 62. Kxa4 Kxd5 0-1

[Event "Cto. Madrid 2016/2017 - Semifinal"]
[Site "Madrid ESP"]
[Date "2017.04.03"]
[Round "6.1"]
[White "Iagar, Razvan Gabriel"]
[Black "Quevedo Marin, Manuel"]
[Result "1/2-1/2"]
[WhiteElo "2150"]
[BlackElo "2245"]
[PlyCount "43"]
[EventDate "2017.03.27"]
[EventType "swiss"]
[EventRounds "9"]
[EventCountry "ESP"]
[SourceTitle "AeM"]
[Source "lmi"]
[SourceDate "2017.03.27"]

1. d4 Nf6 2. c4 e6 3. Nf3 d5 4. cxd5 exd5 5. Bg5 h6 6. Bxf6 Qxf6 7. Nc3 c6 8.
e3 Bd6 9. Bd3 O-O 10. Rc1 Re8 11. O-O Bg4 12. Be2 Nd7 13. h3 Bf5 14. Bd3 Be4
15. Bxe4 dxe4 16. Nd2 Qg6 17. Qg4 Qxg4 18. hxg4 Nf6 19. Rfe1 Rad8 20. f3 Bb4
21. a3 Bxc3 22. bxc3 1/2-1/2

[Event "Cto. Madrid 2016/2017 - Semifinal"]
[Site "Madrid ESP"]
[Date "2017.04.03"]
[Round "6.2"]
[White "Correas Gonzalez, Jose Ramon"]
[Black "Longa Yauca, Javier"]
[Result "0-1"]
[WhiteElo "2080"]
[BlackElo "2257"]
[PlyCount "106"]
[EventDate "2017.03.27"]
[EventType "swiss"]
[EventRounds "9"]
[EventCountry "ESP"]
[SourceTitle "AeM"]
[Source "lmi"]
[SourceDate "2017.03.27"]

1. e4 Nf6 2. e5 Nd5 3. d4 d6 4. c4 Nb6 5. exd6 cxd6 6. Nc3 g6 7. h3 Bg7 8. Nf3
O-O 9. Be2 Nc6 10. O-O e5 11. Bg5 Qd7 12. dxe5 dxe5 13. Qxd7 Nxd7 14. Rad1 Nc5
15. Be3 Ne6 16. Nb5 a6 17. Nd6 Ncd4 18. Nxd4 exd4 19. Bc1 Rd8 20. Nxc8 Raxc8
21. b4 b6 22. Bd3 Bf8 23. Bd2 Rd7 24. Rfe1 a5 25. a3 axb4 26. axb4 Ra7 27. Re5
Ra3 28. Bf1 Rca8 29. g3 Ra1 30. Ree1 Rxd1 31. Rxd1 Ra2 32. Bg2 Rb2 33. Bd5 Bd6
34. Bxe6 fxe6 35. Bg5 e5 36. f4 Rxb4 37. fxe5 Bxe5 38. Bd8 Kf7 39. Kg2 Rb2+ 40.
Kf3 Rb3+ 41. Ke4 Ke6 42. Rd3 Rb1 43. g4 Re1+ 44. Kf3 Rf1+ 45. Kg2 Rc1 46. Bxb6
Rxc4 47. g5 Rb4 48. Bd8 Kd5 49. Rf3 Ke4 50. Bf6 Bf4 51. Ra3 Rb2+ 52. Kf1 Be3
53. h4 Kf3 0-1

[Event "Cto. Madrid 2016/2017 - Semifinal"]
[Site "Madrid ESP"]
[Date "2017.04.03"]
[Round "6.3"]
[White "Madina Yadarola, Martin"]
[Black "De La Esperanza Martin, Alberto"]
[Result "0-1"]
[WhiteElo "2243"]
[BlackElo "2024"]
[PlyCount "72"]
[EventDate "2017.03.27"]
[EventType "swiss"]
[EventRounds "9"]
[EventCountry "ESP"]
[SourceTitle "AeM"]
[Source "lmi"]
[SourceDate "2017.03.27"]

1. Nf3 Nf6 2. b3 d6 3. d4 g6 4. Bb2 Bg7 5. Nbd2 O-O 6. a4 c5 7. e3 Nc6 8. dxc5
dxc5 9. Bb5 Nb4 10. c3 Nd3+ 11. Bxd3 Qxd3 12. Ne5 Qa6 13. Ndc4 Be6 14. O-O Rad8
15. Qc1 Ng4 16. Nxg4 Bxg4 17. Na3 Rd3 18. b4 Rfd8 19. bxc5 Rd1 20. Rxd1 Rxd1+
21. Qxd1 Bxd1 22. Rxd1 Qxa4 23. Rd8+ Bf8 24. g3 Qb3 25. Rd2 e5 26. c4 a6 27.
Nb1 Qxc4 28. Nc3 Qb4 29. Kf1 Bxc5 30. Ke2 Qc4+ 31. Kf3 f5 32. Kg2 Bb6 33. Rd7
Qc6+ 34. Nd5 Kf8 35. Ba3+ Bc5 36. Rd8+ Kf7 0-1

[Event "Cto. Madrid 2016/2017 - Semifinal"]
[Site "Madrid ESP"]
[Date "2017.04.03"]
[Round "6.4"]
[White "Rottenwohrer Suarez, Juan"]
[Black "Pana, Dorin"]
[Result "1-0"]
[WhiteElo "2129"]
[BlackElo "2034"]
[PlyCount "65"]
[EventDate "2017.03.27"]
[EventType "swiss"]
[EventRounds "9"]
[EventCountry "ESP"]
[SourceTitle "AeM"]
[Source "lmi"]
[SourceDate "2017.03.27"]

1. d4 d5 2. c4 e6 3. Nc3 Nf6 4. cxd5 exd5 5. Bg5 c6 6. e3 Nbd7 7. Bd3 Bb4 8.
Qc2 O-O 9. Bxh7+ Kh8 10. Bd3 Bd6 11. Nf3 Qc7 12. h4 Re8 13. h5 Ng4 14. h6 g6
15. Bxg6 fxg6 16. Qxg6 Rg8 17. Qf5 Nb6 18. Bf6+ Nxf6 19. Qxf6+ Kh7 20. Rh5 Qe7
21. Ng5+ Rxg5 22. Qxg5 Be6 23. Qxe7+ Bxe7 24. Re5 Nc4 25. Rxe6 Bb4 26. O-O-O
Rg8 27. Rg1 a5 28. g4 a4 29. Nxa4 Rf8 30. Rg2 Be1 31. f4 Bb4 32. g5 Bd2+ 33.
Rxd2 1-0

[Event "Cto. Madrid 2016/2017 - Semifinal"]
[Site "Madrid ESP"]
[Date "2017.04.03"]
[Round "6.5"]
[White "Pindado Campos, Raul"]
[Black "Anton Veiga, Juan Carlos"]
[Result "1/2-1/2"]
[WhiteElo "2046"]
[BlackElo "2089"]
[PlyCount "28"]
[EventDate "2017.03.27"]
[EventType "swiss"]
[EventRounds "9"]
[EventCountry "ESP"]
[SourceTitle "AeM"]
[Source "lmi"]
[SourceDate "2017.03.27"]

1. d4 d5 2. Nf3 Nf6 3. c4 e6 4. Nc3 Be7 5. Bg5 h6 6. Bh4 O-O 7. e3 b6 8. cxd5
Nxd5 9. Bxe7 Qxe7 10. Bd3 Bb7 11. O-O Nd7 12. Rc1 Nxc3 13. Rxc3 c5 14. Qe2 cxd4
1/2-1/2

[Event "Cto. Madrid 2016/2017 - Semifinal"]
[Site "Madrid ESP"]
[Date "2017.04.03"]
[Round "6.6"]
[White "Corisco Beltran, Rafael"]
[Black "Prieto Martin, Alfonso"]
[Result "0-1"]
[WhiteElo "2038"]
[BlackElo "2228"]
[PlyCount "78"]
[EventDate "2017.03.27"]
[EventType "swiss"]
[EventRounds "9"]
[EventCountry "ESP"]
[SourceTitle "AeM"]
[Source "lmi"]
[SourceDate "2017.03.27"]

1. e4 c5 2. Nf3 g6 3. d4 cxd4 4. Nxd4 Nc6 5. Nc3 Bg7 6. Be3 Nf6 7. Bc4 O-O 8.
Bb3 a5 9. O-O a4 10. Nxa4 Nxe4 11. Nb5 d5 12. Bb6 Qd7 13. Nc7 Rxa4 14. Bxa4
Bxb2 15. Qxd5 Bxa1 16. Rxa1 Nc3 17. Qxd7 Bxd7 18. Bb3 Bf5 19. a4 Rc8 20. Nb5
Nxb5 21. axb5 Nb4 22. c4 Be6 23. Bd4 Bxc4 24. Rc1 Be6 25. Rxc8+ Bxc8 26. Bc5
Nd3 27. Bxe7 Be6 28. Bxe6 fxe6 29. Bd6 e5 30. Kf1 Kf7 31. Ke2 Nf4+ 32. Kf3 Ke6
33. Ba3 Kd5 34. Bb2 h5 35. Bc1 Ne6 36. Ke3 Nc7 37. f3 Nxb5 38. g4 Nd4 39. f4
exf4+ 0-1

[Event "Cto. Madrid 2016/2017 - Semifinal"]
[Site "Madrid ESP"]
[Date "2017.04.03"]
[Round "6.7"]
[White "Camarero Izquierdo, Juan Carlos"]
[Black "Cervino Rossel, Cristobal"]
[Result "0-1"]
[WhiteElo "1775"]
[BlackElo "2045"]
[PlyCount "134"]
[EventDate "2017.03.27"]
[EventType "swiss"]
[EventRounds "9"]
[EventCountry "ESP"]
[SourceTitle "AeM"]
[Source "lmi"]
[SourceDate "2017.03.27"]

1. d4 Nf6 2. Nc3 d5 3. Bg5 c5 4. e3 Nc6 5. Bb5 e6 6. Nf3 Bd7 7. Bxc6 Bxc6 8.
Ne5 Rc8 9. O-O Be7 10. Bxf6 Bxf6 11. f4 O-O 12. Rf3 Bxe5 13. fxe5 f6 14. Rh3
Be8 15. Qg4 f5 16. Qe2 Qb6 17. Qd2 Rc7 18. Nd1 f4 19. c3 fxe3 20. Nxe3 cxd4 21.
cxd4 Bg6 22. Rg3 Rf4 23. Nxd5 Rxd4 24. Nxb6 Rxd2 25. Na4 Rcc2 26. Nc3 Rxb2 27.
Rc1 b5 28. a3 a5 29. h4 b4 30. axb4 axb4 31. Na4 Rbc2 32. Rxc2 Rxc2 33. Re3 Be8
34. Nb6 Rc6 35. Na8 Rc1+ 36. Kh2 Bc6 37. Nc7 Rc3 38. Re2 Bf3 39. gxf3 Rxc7 40.
Rb2 Rc4 41. Kg3 h5 42. Rb3 Kf7 43. Rd3 Rc7 44. Rb3 Rc4 45. Rd3 Kg6 46. Rd6 Kf5
47. Rd7 Kxe5 48. Rxg7 Kd4 49. Rg6 Kc3 50. Rxe6 b3 51. f4 b2 52. Re1 Kd2 53. Rb1
Kc2 54. Rxb2+ Kxb2 55. f5 Kc3 56. f6 Rg4+ 57. Kf3 Rg6 58. Kf4 Rxf6+ 59. Kg5 Rf1
60. Kxh5 Kd4 61. Kg6 Rg1+ 62. Kf6 Rf1+ 63. Kg5 Ke5 64. h5 Rg1+ 65. Kh6 Kf6 66.
Kh7 Rg5 67. h6 Rg1 0-1

[Event "Cto. Madrid 2016/2017 - Semifinal"]
[Site "Madrid ESP"]
[Date "2017.04.03"]
[Round "6.8"]
[White "Alfaya Marcelo, Roberto"]
[Black "Guillo Longares, Cecilia"]
[Result "1-0"]
[WhiteElo "2193"]
[BlackElo "1919"]
[PlyCount "49"]
[EventDate "2017.03.27"]
[EventType "swiss"]
[EventRounds "9"]
[EventCountry "ESP"]
[SourceTitle "AeM"]
[Source "lmi"]
[SourceDate "2017.03.27"]

1. Nf3 g6 2. d4 Bg7 3. Nbd2 c5 4. c3 d5 5. dxc5 e5 6. e4 Bg4 7. exd5 Qxd5 8.
Bc4 Qxc5 9. Bxf7+ Kxf7 10. Ng5+ Ke7 11. Qxg4 Qc6 12. Qb4+ Ke8 13. O-O Ne7 14.
Nde4 Na6 15. Qxb7 Qxb7 16. Nd6+ Kd7 17. Nxb7 Nc6 18. Rd1+ Ke7 19. Be3 Rab8 20.
Nc5 Nxc5 21. Bxc5+ Kf6 22. Ne4+ Kf5 23. f3 Rxb2 24. Rd6 Rc8 25. Be3 1-0

[Event "Cto. Madrid 2016/2017 - Semifinal"]
[Site "Madrid ESP"]
[Date "2017.04.03"]
[Round "6.9"]
[White "Lopez De Turiso, Jose Angel"]
[Black "Ortega Morales, Pedro"]
[Result "1-0"]
[WhiteElo "2031"]
[BlackElo "1786"]
[PlyCount "89"]
[EventDate "2017.03.27"]
[EventType "swiss"]
[EventRounds "9"]
[EventCountry "ESP"]
[SourceTitle "AeM"]
[Source "lmi"]
[SourceDate "2017.03.27"]

1. d4 Nf6 2. Nf3 c5 3. c3 e6 4. Bf4 Be7 5. e3 d6 6. Nbd2 O-O 7. Bd3 Nc6 8. Qc2
h6 9. h3 a6 10. g4 e5 11. dxe5 dxe5 12. Bxe5 Nxe5 13. Nxe5 Qd5 14. Nef3 b5 15.
Be4 Nxe4 16. Qxe4 Qxe4 17. Nxe4 Bb7 18. Ned2 f5 19. Ke2 Rad8 20. Rhg1 fxg4 21.
hxg4 g6 22. a4 b4 23. cxb4 cxb4 24. Nd4 Rc8 25. Rac1 Bf6 26. f3 Rfe8 27. Kd3
Red8 28. Ne4 Bg7 29. Rxc8 Bxe4+ 30. Kxe4 Rxc8 31. Rd1 Kf7 32. Rd2 Bf6 33. Ne2
Re8+ 34. Kd3 Rd8+ 35. Nd4 Rc8 36. Ke2 Rd8 37. Nc6 Rxd2+ 38. Kxd2 Bxb2 39. Nxb4
h5 40. gxh5 gxh5 41. Nxa6 h4 42. Nc5 Ba3 43. Ne4 Kg6 44. Nf2 Kf5 45. Nh3 1-0

[Event "Cto. Madrid 2016/2017 - Semifinal"]
[Site "Madrid ESP"]
[Date "2017.04.03"]
[Round "6.10"]
[White "Gonzalez Rivera, Eduardo"]
[Black "Vazquez Gonzalez, Jesus"]
[Result "1-0"]
[WhiteElo "2020"]
[BlackElo "1912"]
[PlyCount "59"]
[EventDate "2017.03.27"]
[EventType "swiss"]
[EventRounds "9"]
[EventCountry "ESP"]
[SourceTitle "AeM"]
[Source "lmi"]
[SourceDate "2017.03.27"]

1. e4 e6 2. d4 d5 3. Nd2 Nf6 4. e5 Nfd7 5. f4 c5 6. c3 Nc6 7. Ndf3 Qb6 8. g3
cxd4 9. cxd4 f6 10. Bd3 Bb4+ 11. Kf1 O-O 12. Kg2 Be7 13. Ne2 fxe5 14. fxe5 g6
15. Bb1 Qd8 16. h4 Rf7 17. Bg5 Qf8 18. Bf4 Nb6 19. Qc1 Nc4 20. Bh6 Qd8 21. h5
g5 22. Nxg5 Bxg5 23. Bxg5 Qb6 24. Bh6 Qxb2 25. Qg5+ Kh8 26. Bd3 Bd7 27. Rhf1
Rg8 28. Qh4 Ne3+ 29. Bxe3 Rfg7 30. Bh6 1-0

[Event "Cto. Madrid 2016/2017 - Semifinal"]
[Site "Madrid ESP"]
[Date "2017.04.03"]
[Round "6.11"]
[White "Vazquez Gonzalez, Francisco"]
[Black "Pablos Tenrero, Raquel"]
[Result "1/2-1/2"]
[WhiteElo "1955"]
[BlackElo "1987"]
[PlyCount "87"]
[EventDate "2017.03.27"]
[EventType "swiss"]
[EventRounds "9"]
[EventCountry "ESP"]
[SourceTitle "AeM"]
[Source "lmi"]
[SourceDate "2017.03.27"]

1. e4 c6 2. d4 d5 3. exd5 cxd5 4. Bd3 Nc6 5. c3 Qc7 6. Ne2 Bg4 7. f3 Bd7 8. Na3
a6 9. O-O e6 10. Bf4 Qb6 11. Re1 Nf6 12. Kh1 Be7 13. Qd2 Nh5 14. Be3 Qc7 15. c4
dxc4 16. Nxc4 b5 17. Na3 Bd6 18. d5 Nd8 19. Rac1 Qb8 20. dxe6 Nxe6 21. Be4 Nf6
22. Bxa8 Bxa3 23. bxa3 Qxa8 24. Ng3 O-O 25. Red1 Bc6 26. Qf2 Bd5 27. Nf5 Bc4
28. Nd6 Bd5 29. Nf5 Bc4 30. Bd4 Nxd4 31. Qxd4 Bxa2 32. Rc7 Bb3 33. Rdc1 Bc4 34.
Re7 Bd5 35. Qf2 Be6 36. Nd4 Bc4 37. Rce1 Nd5 38. R7e5 g6 39. Nc2 Nf4 40. Qh4
Nd3 41. Rh5 gxh5 42. Qg5+ Kh8 43. Qf6+ Kg8 44. Qg5+ 1/2-1/2

[Event "Cto. Madrid 2016/2017 - Semifinal"]
[Site "Madrid ESP"]
[Date "2017.04.03"]
[Round "6.12"]
[White "Morera Rodriguez, Ignacio"]
[Black "Santamaria Baeza, Adolfo"]
[Result "1-0"]
[WhiteElo "1977"]
[BlackElo "1855"]
[PlyCount "160"]
[EventDate "2017.03.27"]
[EventType "swiss"]
[EventRounds "9"]
[EventCountry "ESP"]
[SourceTitle "AeM"]
[Source "lmi"]
[SourceDate "2017.03.27"]

1. d4 Nf6 2. c4 e6 3. Nf3 Bb4+ 4. Bd2 Nc6 5. g3 O-O 6. Bg2 d5 7. O-O Ne4 8.
Bxb4 Nxb4 9. Ne5 f6 10. a3 fxe5 11. axb4 exd4 12. cxd5 exd5 13. Qxd4 Nf6 14.
Nc3 c6 15. b5 a5 16. Na4 cxb5 17. Nb6 Ra6 18. Nxc8 Qxc8 19. Bxd5+ Kh8 20. Bg2
b6 21. Rac1 Qe6 22. Qd3 Qe5 23. f4 Qe7 24. Qxb5 Qe3+ 25. Kh1 Ra7 26. Rc3 Qd4
27. Rd3 Qc5 28. Qxc5 bxc5 29. Ra1 Re7 30. Bf3 Nd7 31. Raa3 Rb8 32. Rxa5 g5 33.
Ra7 Rg7 34. f5 Rxb2 35. Rd1 Nf6 36. Ra8+ Rg8 37. Ra6 Rf8 38. Rdd6 Kg7 39. Ra7+
Rf7 40. Rxf7+ Kxf7 41. Rc6 g4 42. Rc7+ Kf8 43. Rxc5 gxf3 44. exf3 Rf2 45. Rc3
Nd5 46. Rb3 Ne7 47. Kg1 Rd2 48. g4 Nd5 49. h4 Nf4 50. Rb8+ Kf7 51. Rb7+ Kg8 52.
h5 Rg2+ 53. Kf1 Rh2 54. f6 h6 55. Rg7+ Kh8 56. Ra7 Rc2 57. Ra8+ Kh7 58. f7 Ne6
59. f8=N+ Nxf8 60. Rxf8 Kg7 61. Rf5 Rh2 62. Re5 Kf6 63. Re2 Rh1+ 64. Kg2 Rd1
65. Kg3 Rd3 66. Ra2 Rd6 67. Ra7 Ke5 68. Rg7 Rd8 69. Rg6 Rh8 70. f4+ Ke4 71. Rf6
Rh7 72. Kh4 Ra7 73. Rxh6 Kxf4 74. Rf6+ Ke5 75. Rf5+ Ke6 76. h6 Ra1 77. Kg5 Rg1
78. h7 Rh1 79. Kg6 Rh4 80. Rf6+ Ke7 1-0